LEADER 00959nam0-22002891i-450- 001 990002902110403321 035 $a000290211 035 $aFED01000290211 035 $a(Aleph)000290211FED01 035 $a000290211 100 $a20000920d1999----km-y0itay50------ba 101 0 $aITA 200 1 $aNumeri indici dei prezzi alla produzione e al consumo, anni 1996, 1997, 1998 e 1999$edati mensili ottobre 1999$fIstituto nazionale di statistica 210 $aRoma$cIstat$d1999 215 $a1 dischetto 225 1 $aInformazioni$edati congiunturali$fIstat$v47 610 0 $aNumeri indici dei prezzi$aItalia$a1996-1999 676 $a338.5 700 1$aIstat$0445627 801 0$aIT$bUNINA$gRICA$2UNIMARC 901 $aBK 912 $a990002902110403321 952 $aCDI-I-47d-99-Pos-2$b7079$fMAS 959 $aMAS 996 $aNumeri indici dei prezzi alla produzione e al consumo, anni 1996, 1997, 1998 e 1999$9466144 997 $aUNINA DB $aING01 LEADER 01187nam0-22003491--450 001 990009451390403321 005 20191024131823.0 010 $a978-88-568-3616-5 035 $a000945139 035 $aFED01000945139 035 $a(Aleph)000945139FED01 035 $a000945139 100 $a20111014d2010----km-y0itay50------ba 101 0 $aita 102 $aIT 105 $aa-------000yy 200 1 $aApproccio territoriale e sviluppo locale$eil programma di sviluppo del Distretto Agroalimentare di Qualità del Metapontino$fa cura di Francesco Contò, Piermichele La Sala 210 $aMilano$cAngeli$dc2010 215 $a383 p.$cill.$d23 cm 225 1 $aEconomia$iRicerche$v853 300 $aSul front.: Università degli Studi di Foggia, DSEMS; Università degli Studi della Basilicata, DITEC 610 0 $aSviluppo economico locale 676 $a354.279$v22$zita 702 1$aContò,$bFrancesco 702 1$aLa Sala,$bPiermichele 801 0$aIT$bUNINA$gRICA$2UNIMARC 901 $aBK 912 $a990009451390403321 952 $a60 354.279 CONF 2010$b13445$fFAGBC 959 $aFAGBC 996 $aApproccio territoriale e sviluppo locale$9761768 997 $aUNINA